[Event "EYCC 2017"]
[Site "Mamaia"]
[Date "2017.09.05"]
[Round "1"]
[White "Askerov, Marat"]
[Black "Deac, Bogdan-Daniel"]
[Result "1/2-1/2"]
[WhiteElo "2309"]
[BlackElo "2573"]
[Annotator "TA"]
[PlyCount "213"]
[EventDate "2017.??.??"]
[EventType "swiss"]
[EventCountry "ROU"]
[SourceTitle "playchess.com"]
[Source "ChessBase"]
[SourceQuality "1"]

{[%evp 26,213,13,15,32,29,83,37,71,10,87,41,85,85,81,85,127,91,98,91,120,93,91,98,180,166,177,161,159,137,194,181,202,142,219,225,223,223,220,196,196,187,276,168,189,186,183,183,248,235,234,199,225,219,215,180,197,140,248,237,215,161,188,168,219,206,237,237,494,494,432,161,161,161,334,222,197,161,161,161,161,66,66,68,66,66,66,66,66,66,66,66,67,0,72,22,161,161,161,161,161,161,161,161,161,161,161,161,161,161,161,161,161,161,161,161,161,161,161,161,161,161,161,161,161,161,161,0,161,161,161,161,161,161,161,161,161,161,161,161,161,161,161,161,161,38,38,38,38,22,22,22,22,22,22,22,22,22,22,0,22,0,22,22,22,22,22,22,22,20,20,0,22,0,22,22,22,22,22,22,22,22,22,22,22,22,22,20,20,0]} 1. d4 Nf6 2. c4 e6 3. Nf3 d5 4. g3 Bb4+ 5. Bd2 Be7 6. Bg2 c6 7. O-O Nbd7 8. Qc2 O-O 9. Rd1 b6 10. Bf4 Ba6 11. b3 Rc8 12. Nc3 dxc4 13. e4 h6 14. Nd2 {LiveBook: 33 Games. E15: Queen's Indian: 4 g3 sidelines, 4 g3 Ba6 and 4 g3 Bb7 early deviations} c5 (14... b5 15. bxc4 bxc4 16. Bf1 Nb6 17. a4 g5 18. Be3 Ng4 19. a5 Nxe3 20. fxe3 Nd7 21. Bxc4 Bb5 {0-1 (63) Wojtaszek,R (2749)-Karjakin,S (2785) Doha 2016}) 15. d5 $1 {[%cal Rd5e6] Threatens to win with dxe6.} ({Reject} 15. Nxc4 cxd4 16. Rxd4 Bc5 $17) 15... exd5 $146 (15... e5 $11 {remains equal.} 16. Be3 b5) ({Find the theoretical novelty and annotate with similar games:} 15... g5 16. dxe6 fxe6 17. e5 gxf4 18. exf6 Bxf6 19. Qg6+ Bg7 20. Qxe6+ Kh8 21. Nde4 {1-0 (21) Kovalenko,I (2586)-Pavlov,S (2471) Moscow 2013}) 16. exd5 {Hoping for d6.White is better.} Nh5 17. Be3 f5 (17... Ne5 $11 {keeps the balance.}) 18. f4 g6 19. Nxc4 Bf6 20. a4 Bg7 21. Rac1 Nhf6 22. h3 Nh5 23. Bf2 Bxc4 24. bxc4 Ndf6 {[#]} (24... Bxc3 $16 25. Qxc3 Re8) 25. a5 $1 $18 {[%mdl 512]} Qd7 (25... bxa5 26. d6) 26. axb6 axb6 27. Rb1 Rb8 (27... g5 $16) 28. Re1 Rfe8 29. Rxe8+ Qxe8 (29... Nxe8 $16 {was necessary.} 30. Na4 Qc7) 30. Re1 Qd8 31. Nb5 {[%cal Bc3b5,Bb5a7,Ba7c6][%mdl 32]} Bf8 32. Na7 {Strongly threatening Nc6.} Qc7 33. Nc6 Ra8 (33... Re8 $142 34. Qd3 Rxe1+ 35. Bxe1 Bd6) 34. d6 Bxd6 {[#]} 35. Ne7+ $1 {[%mdl 512]} Bxe7 36. Bxa8 Bd6 (36... Ng7 $142 37. Bg2 Qd6) 37. Bf3 Ng7 38. Ra1 g5 39. fxg5 hxg5 40. Ra8+ Kh7 {[#]} 41. g4 (41. Kg2 $1 $18) 41... Qe7 (41... Bg3 $16 42. gxf5 Qf4) 42. Qe2 ({Don't take} 42. gxf5 Qe5) 42... Qd7 43. gxf5 Qxf5 44. Bg4 $36 {[%mdl 2048] White has strong initiative.} Qg6 (44... Qb1+ $142 45. Qd1 Qe4) 45. Be1 {aiming for Bc3.} Qb1 46. Kg2 Qb3 $2 (46... Kg6 47. Rd8 Bf4) 47. Rd8 Bf4 48. Qd3+ $2 (48. Rf8 Kg6 49. Qe7 Qc2+ 50. Be2) 48... Qxd3 49. Rxd3 Nge8 $2 (49... Kg6 {is a better defense.} 50. Rb3 Bc7) 50. Bg3 Bxg3 51. Kxg3 {[%mdl 4096] Endgame KRB-KNN} Nd6 52. Be6 {Kf3 is the strong threat.} b5 53. Kf3 ({Not} 53. Rxd6 Ne4+ 54. Kg4 Nxd6 $11) ({Better is} 53. cxb5 $18 Nxb5 54. Bf5+ Kg7 55. Re3) 53... Nxc4 $14 54. Bxc4 bxc4 {KR-KN} 55. Rd6 c3 $1 {[%cal Rc3c2]} 56. Rd3 Kg6 57. Rxc3 Nd7 58. Kg3 Nf6 59. Kf3 (59. Rc2 {keeps more tension.} Nd7 60. Kh2 Kf5 61. Rc4 Ke5 62. Kg3) 59... Nd7 60. Rc1 Ne5+ (60... c4 $1 $11) 61. Ke4 $18 Nf7 62. Rxc5 Nh6 63. Kf3 Nf5 64. Ra5 Nh6 65. Ra6+ Kh5 66. Rf6 Ng8 67. Rf8 Nh6 68. Rh8 Kg6 69. Ke4 Kg7 70. Ra8 Kg6 71. Ra6+ Kh5 72. Kf3 Nf5 73. Ra5 Nh6 74. Rb5 Kg6 75. Rb6+ Kh5 76. Rb5 Kg6 $1 77. Rb7 Kh5 78. Rg7 Nf5 79. Rg8 Nh6 80. Rf8 Kg6 81. Ke4 Kh5 82. Rh8 Kg6 83. Ra8 Kh5 84. Ra6 Nf7 85. Kf5 (85. Ra5 $18) 85... Nh6+ $1 $14 86. Kf6 g4 87. Ra3 Kh4 {The position is equal.} 88. hxg4 Nxg4+ 89. Kf5 {White threatens Ra4 and mate.} Nf2 90. Rf3 Nh3 $1 91. Re3 Nf2 92. Rf3 Nh3 $1 93. Re3 Nf2 94. Ra3 Nh3 95. Rb3 Nf2 96. Kf4 Nh3+ 97. Kf3 Ng5+ 98. Kf4 Nh3+ 99. Kf5 Nf2 100. Rc3 Nh3 101. Rf3 Ng1 102. Rf1 Nh3 103. Ke4 Kg4 104. Rf8 Ng5+ 105. Ke3 Nh3 106. Rh8 Ng5 107. Rf8 {Precision: White = 63%, Black = 67%.} 1/2-1/2

[Event "EYCC 2017"]
[Site "Mamaia"]
[Date "2017.09.05"]
[Round "1"]
[White "Domingo Nunez, Ruben"]
[Black "Sorokin, Aleksey"]
[Result "0-1"]
[WhiteElo "2283"]
[BlackElo "2486"]
[Annotator "TA"]
[PlyCount "106"]
[EventDate "2017.??.??"]
[EventType "swiss"]
[EventCountry "ROU"]
[SourceTitle "playchess.com"]
[Source "ChessBase"]
[SourceQuality "1"]

{[%evp 27,106,21,0,0,65,62,71,61,90,81,109,95,107,58,123,12,27,19,33,-47,-43,-50,-38,-30,52,-31,-29,-43,-42,-51,-51,-45,-47,-51,-54,-95,-97,-205,-202,-389,-203,-229,-152,-224,-209,-204,-206,-217,-178,-295,-275,-291,-283,-281,-292,-293,-294,-337,-278,-313,-302,-318,-319,-686,-693,-641,-634,-702,-702,-814,-768,-856,-850,-942,-928,-1039,-1024,-5331,-5183,-2777,-1445]} 1. e4 c5 2. Nf3 d6 3. d4 cxd4 4. Nxd4 Nf6 5. Nc3 a6 6. f3 e5 7. Nb3 Be6 8. Be3 h5 9. Qd2 Nbd7 10. Nd5 {B90: Sicilian Najdorf: Unusual White 6th moves, 6 Be3 Ng4 and 6 Be3 e5} Bxd5 11. exd5 g6 12. Be2 (12. O-O-O Nb6 13. Qa5 Bh6 14. Bxh6 Rxh6 15. Qd2 Rh8 16. f4 exf4 17. Qxf4 {½-½ (57) Ponomariov,R (2699)-Wang,H (2698) Danzhou 2017}) 12... Bg7 13. O-O O-O 14. Na5 Qc7 {LiveBook: 22 Games} 15. c4 b6 (15... e4 $11) 16. Nc6 $14 a5 17. Bd1 $146 ({Find the theoretical novelty and annotate with similar games:} 17. Rab1 Kh7 {1-0 (64) Bromann,T (2434)-Gupta,A (2577) Reykjavik 2010}) 17... Nc5 18. h3 Nfd7 19. g4 Nf6 20. Kg2 Qd7 (20... Rae8 $14) 21. Bg5 (21. g5 $16 Ne8 22. Bc2) 21... Rae8 22. Bxf6 Bxf6 23. gxh5 (23. Bc2 $14) 23... Qf5 $1 $15 24. f4 $1 {[%cal Rf4e5] Hoping for fxe5.} exf4 25. Qxf4 Nd3 (25... Qxf4 $11 26. Rxf4 Bxb2) 26. Qg4 ({White should play} 26. Qxf5 $14 gxf5 27. Rxf5) 26... Qg5 27. Qxg5 Bxg5 28. hxg6 fxg6 29. Bg4 Nxb2 30. Rxf8+ Rxf8 31. Nd4 {[#] Ne6 is the strong threat.} Be3 $1 32. Nb5 (32. Nf3 $17) 32... Rf2+ $19 ({Don't do} 32... Nxc4 33. Rf1 $17) 33. Kg3 $2 (33. Kh1 {is a better defense.} Nxc4 34. a4) 33... Nxc4 (33... Nd3 $142 34. Rd1 Bf4+ 35. Kh4 Nc5) 34. a4 Rf6 35. Be6+ (35. Ra2 $17 {was necessary.}) 35... Kh7 36. Ra2 Bc5 37. h4 Ne5 38. Kg2 (38. Bg4 {was worth a try.}) 38... Rf4 39. Kg3 Rf3+ 40. Kg2 Kh6 41. Na7 Rf4 42. Kg3 Nd3 43. Rd2 Bf2+ 44. Kh3 Ne5 ({Weaker is} 44... Rxh4+ 45. Kg2 $17) 45. Nc6 $2 (45. Kg2 Bxh4 46. Ra2) 45... Nc4 {Black is clearly winning.} 46. Re2 Ne3 {[%csl Gf2][%cal Rf4h4]} 47. Rxf2 Rxf2 {[%mdl 4096] Endgame KRN-KBN} 48. Ne7 Rf3+ 49. Kh2 Rf4 50. Nc8 Rxa4 51. Nxd6 {[#]} Nxd5 $1 52. Bxd5 Rd4 53. Nf7+ Kg7 {Precision: White = 22%, Black = 54%.} 0-1

[Event "EYCC 2017"]
[Site "Mamaia"]
[Date "2017.09.05"]
[Round "1"]
[White "Meunier, Clement"]
[Black "Thybo, Jesper Sondergaard"]
[Result "0-1"]
[WhiteElo "2269"]
[BlackElo "2464"]
[Annotator "TA"]
[PlyCount "58"]
[EventDate "2017.??.??"]
[EventType "swiss"]
[EventCountry "ROU"]
[SourceTitle "playchess.com"]
[Source "ChessBase"]
[SourceQuality "1"]

{[%evp 23,58,32,37,34,53,40,56,9,15,0,0,0,0,0,-20,-56,-27,-165,-165,-158,-175,-169,-163,-162,-156,-342,-298,-558,-454,-594,-586,-561,-550,-469,-400,-445,-417]} 1. e4 e6 2. d4 d5 3. Nd2 c5 4. Ngf3 cxd4 5. exd5 Qxd5 6. Bc4 Qd8 7. O-O a6 8. Nb3 Qc7 9. Qe2 {C07: French Tarrasch: 3...c5, 4 Ngf3 and 4 exd5 Qxd5} Nc6 10. Rd1 Bd6 11. Nbxd4 Nxd4 12. Rxd4 Ne7 {LiveBook: 3 Games} 13. b3 $146 ({Predecessor:} 13. Bd3 Bd7 14. Bg5 Bc6 15. Rd1 h6 16. Bxe7 Kxe7 {1-0 (49) Nevednichy,V (2552)-Berkes,F (2630) Mallorca 2004}) 13... Ng6 14. Bb2 O-O 15. Rad1 Bc5 16. Rg4 b5 $1 {[%cal Rb5c4]} 17. Bd3 f5 $36 {[%mdl 2048] Black is more active.} 18. Rxg6 hxg6 {[%cal Bh7g6,Bg6g5,Bg5g4][%mdl 32]} 19. Nh4 Qf7 20. Qf3 (20. Nf3 $1 $11 {and White has nothing to worry.}) 20... g5 $19 21. Ng6 {[#] Black must now prevent Qh5.} g4 $1 {[%cal Rg4f3]} 22. Qc6 Bb7 ({Don't take} 22... Qxg6 23. Qxa8 g3 24. hxg3 $15) 23. Qxc5 Qxg6 24. c4 $2 (24. Qb6 $17 Qf7 25. Bf1) 24... Rfd8 25. Qe3 $2 {[#]} (25. Bd4) 25... Be4 26. Be2 Rxd1+ 27. Bxd1 Rd8 28. Be2 bxc4 29. bxc4 Rb8 {Precision: White = 22%, Black = 79%.} 0-1

[Event "EYCC 2017"]
[Site "Mamaia"]
[Date "2017.09.05"]
[Round "1"]
[White "Friedland, Moshe"]
[Black "Vykouk, Jan"]
[Result "1/2-1/2"]
[WhiteElo "2264"]
[BlackElo "2431"]
[Annotator "TA"]
[PlyCount "106"]
[EventDate "2017.??.??"]
[EventType "swiss"]
[EventCountry "ROU"]
[SourceTitle "playchess.com"]
[Source "ChessBase"]
[SourceQuality "1"]

{[%evp 18,106,9,10,25,0,11,-18,-22,-58,6,28,35,38,72,85,46,63,56,43,56,58,54,56,56,53,62,81,189,0,122,-51,-81,-69,-62,-74,-15,0,104,-12,-16,-142,-131,-150,-82,-164,-162,-175,-154,-171,-131,-124,-110,-110,-106,-95,0,0,0,-26,-26,-47,0,-66,-59,-68,0,-75,-77,-155,-156,-136,-131,-154,-155,-162,86,83,97,97,106,115,125,86,89,71,94,94,95,83,82]} 1. e4 c5 2. Nf3 d6 3. d4 cxd4 4. Nxd4 Nf6 5. Nc3 a6 6. Bc4 e6 7. a4 Qc7 8. Qe2 Be7 9. O-O Nc6 10. Be3 {LiveBook: 17 Games} Ne5 {B88: Sicilian: Sozin Attack} (10... O-O 11. Kh1 Rd8 12. Bb3 Na5 13. Ba2 e5 14. Nf5 Bxf5 15. exf5 d5 16. Bg5 d4 17. Bxf6 Bxf6 18. Ne4 Rac8 19. c3 {½-½ (41) Fressinet,L (2667)-Novikov,S (2540) Biel 2009}) 11. Bd3 Bd7 $146 ({Find the theoretical novelty and annotate with similar games:} 11... O-O 12. f3 Nxd3 13. cxd3 b6 14. Rfc1 Qd7 15. b4 Bb7 16. b5 a5 17. Nb3 Bd8 18. Qf2 {0-1 (40) Sanchez,B-Pena Mora,C (1695) Bogota 2011}) 12. Rae1 Rc8 {The position is equal.} 13. Kh1 Nc4 ({Black should try} 13... Nfg4 $15) 14. Bc1 $1 $11 Qc5 15. Nb3 Qb4 16. f4 $1 O-O 17. e5 Ne8 $1 ({Reject} 17... dxe5 18. fxe5 Nd5 19. Qg4 $11 (19. Nxd5 exd5 20. e6 Bxe6 $16)) 18. Qh5 {[%csl Gd3][%cal Rh5h7]} g6 19. Qh6 f5 20. exf6 $1 Bxf6 21. Ne4 Bg7 22. Qh4 {aiming for Ng5.} Bf6 (22... Rf7 $16) 23. Qh6 $2 ({White has to play} 23. Nxf6+ $18 Nxf6 24. f5 $1 {[%mdl 512]} exf5 25. Nd2 $1 {[%mdl 512]}) 23... Ng7 (23... Bg7 $11 24. Qh4 Bf6) 24. Bxc4 $2 (24. Nd4 $16) 24... Qxc4 $15 25. Nxd6 Qxc2 26. Nxc8 {And now Nb6 would win.} Qxb3 ({Black should play} 26... Nf5 $17 27. Qh3 Rxc8) 27. Nd6 $11 Be7 (27... Nf5 $11 28. Nxf5 exf5) 28. Ne4 (28. f5 $1 $16 {[%cal Rf5g6]} Bxd6 29. f6) 28... Nf5 29. Qh3 (29. Nd2 $1 $11 Qc2 30. Qh3) 29... Qxh3 $17 30. gxh3 Bh4 (30... Rd8 $142 31. Kg1 Bc6) 31. Re2 (31. Nc5 $17 {was worth a try.} Bc6+ 32. Kg1) 31... Bxa4 $19 32. Nc3 Bc6+ {[%mdl 1024] Black has strong compensation.} 33. Kg1 Bd8 34. Rd1 Bb6+ 35. Kf1 Nd4 36. Ree1 Nf3 (36... g5 $17 37. Be3 e5) 37. Rxe6 $11 Nxh2+ 38. Ke1 Nf3+ 39. Kf1 Nd4 (39... Ng5 $5 {[%cal Rg5e6]} 40. Re5 Nxh3 $15) 40. Rd6 (40. Ree1 $11) 40... Nf5 $36 {[%mdl 2048] Black has good play.} 41. Re6 Nd4 42. Rd6 Nb3 $1 43. Nd5 (43. Ne2 $142) 43... Bb5+ $17 44. Kg2 Bc5 $1 {[%cal Rc5d6]} 45. Re6 Bc6 46. Be3 {[#]} Bxe3 $2 ({Better is} 46... Rf5 $1 $19 {[%cal Rf5d5]} 47. Bxc5 Rxd5 48. Rxc6 (48. Re8+ $2 Bxe8 49. Rxd5 Bc6 $19) 48... bxc6 49. Rxd5 cxd5) 47. Rxe3 $16 {White is better.} Rd8 48. Re5 Kf7 49. Kg3 Nc5 50. Nc3 Ne4+ 51. Kh2 Nd2 {[#] Strongly threatening ...Nf3+.} 52. Re2 $1 Nf3+ 53. Kg3 Nd4 {Precision: White = 46%, Black = 45%.} 1/2-1/2

[Event "EYCC 2017"]
[Site "Mamaia"]
[Date "2017.09.05"]
[Round "1"]
[White "Antova, Gabriela"]
[Black "Gillis Onieva, Celia"]
[Result "1/2-1/2"]
[WhiteElo "2256"]
[BlackElo "2032"]
[Annotator "TA"]
[PlyCount "72"]
[EventDate "2017.??.??"]
[EventType "swiss"]
[EventCountry "ROU"]
[SourceTitle "playchess.com"]
[Source "ChessBase"]
[SourceQuality "1"]

{[%evp 27,72,31,28,10,33,0,77,12,26,28,20,13,38,39,43,-7,38,41,31,7,4,-26,-21,-43,-39,-25,-39,-27,-13,-10,0,0,0,0,22,14,23,7,8,0,0,0,11,0,0,0,9]} 1. d4 Nf6 2. c4 e6 3. Nf3 c5 4. d5 exd5 5. cxd5 d6 6. Nc3 g6 7. Bf4 a6 8. a4 Bg7 9. h3 O-O 10. e3 Qe7 {A61: Modern Benoni: Nf3 without early e4} 11. Be2 Nbd7 12. O-O Ne8 13. Nd2 Ne5 14. Qc2 f5 {[#] LiveBook: 4 Games} 15. Rae1 $146 ({Predecessor:} 15. Bh2 Rb8 16. a5 Bd7 17. Rfe1 Nc7 18. Qb3 {1-0 (33) Markowski,T (2574)-Johannesson,I (2372) Warsaw 2015}) 15... b6 16. Bg3 Nf6 (16... Nc7 $11 {keeps the balance.}) 17. e4 (17. Bxe5 $16 {aiming for Bh2.} Qxe5 18. Nc4) 17... Nxe4 18. Ndxe4 fxe4 19. Nxe4 Qd8 20. f4 Nf7 21. Bd3 Nh6 22. Ng5 Nf5 23. Bxf5 Bxf5 24. Qd2 Qf6 25. Ne6 Qxb2 26. Qxb2 Bxb2 27. Nxf8 Kxf8 28. Bh4 Re8 29. Rxe8+ Kxe8 $11 {[%mdl 4096] Endgame KRB-KB} 30. Re1+ Kd7 $1 31. g4 Bd3 32. Re7+ Kc8 {The position is equal.} 33. Re8+ Kd7 34. Re7+ Kc8 35. Re8+ Kd7 36. Re7+ Kc8 {Precision: White = 34%, Black = 50%.} 1/2-1/2

[Event "EYCC 2017"]
[Site "Mamaia"]
[Date "2017.09.05"]
[Round "1"]
[White "Diakonova, Ekaterina"]
[Black "Dwilewicz, Katarzyna"]
[Result "0-1"]
[WhiteElo "2255"]
[BlackElo "1915"]
[Annotator "TA"]
[PlyCount "90"]
[EventDate "2017.??.??"]
[EventType "swiss"]
[EventCountry "ROU"]
[SourceTitle "playchess.com"]
[Source "ChessBase"]
[SourceQuality "1"]

{[%evp 15,90,16,29,16,35,4,15,-25,-12,-20,-16,-5,-10,-12,0,0,31,27,36,26,27,16,46,24,9,13,17,0,51,8,11,10,9,8,0,0,0,0,81,0,91,84,56,0,0,-269,-295,-294,-284,-263,-304,-311,-311,-844,-837,-1172,-1091,-29982,-29983,-29983,-29984,-29982,-29981,-29981,-29980,-5377,-761,-1047,-1046,-1264,-1163,-1033,-1317,-1151,-1050,-2043,-1995]} 1. e4 e5 2. Nf3 Nc6 3. Bb5 a6 4. Bxc6 dxc6 5. O-O Qd6 6. d3 Bg4 7. Be3 Ne7 8. Nbd2 f6 {LiveBook: 17 Games} 9. Nc4 {C68: Ruy Lopez: Exchange Variation, sidelines} (9. h3 Bh5 10. Nc4 Qd7 11. Nfxe5 Bxd1 12. Nxd7 Bxc2 13. Nc5 Ng6 14. Rac1 Bxc5 15. Rxc2 Bxe3 16. fxe3 O-O-O 17. Rc3 Rhe8 18. Rf5 b6 19. b4 Kb7 20. Kf2 Rd7 {½-½ (20) Godena,M (2537)-Lenic,L (2548) Pavia 2009}) 9... Qe6 $146 ({Find the theoretical novelty and annotate with similar games:} 9... Qd7 10. h3 Be6 11. Nfd2 g5 12. Nb3 Ng6 13. Qe2 h5 14. f3 O-O-O 15. d4 exd4 16. Rfd1 c5 {0-1 (40) Osorio Ortiz,M (2271)-Wirth,G (2265) Baden 2002}) 10. a4 (10. h3 $5 {[%cal Rh3g4]} Bxf3 11. Qxf3 $14) 10... h5 11. Re1 {The position is equal.} g5 12. h3 Bxf3 $1 13. Qxf3 Ng6 14. Qf5 Qf7 {White should prevent ...Nh4.} 15. g3 Ne7 16. Qf3 $36 {[%mdl 2048] White fights for an advantage.} Qe6 17. Kg2 O-O-O 18. b4 Bg7 19. Bc5 g4 20. hxg4 hxg4 21. Qe2 Ng6 (21... Nd5 $11) 22. Ne3 {Threatens to win with b5.} b6 23. Nf5 Rdg8 24. Be3 $1 {With the idea a5.} ({Much weaker is} 24. Qxg4 Nf4+ 25. Kg1 (25. Kf3 $2 Bf8 $17) 25... bxc5 $17) 24... Bf8 25. d4 (25. b5 $5 a5 26. Rh1 $11) 25... Kb7 $1 26. b5 cxb5 (26... exd4 $11 27. bxa6+ (27. Bxd4 cxb5 28. axb5 a5 $11) 27... Kb8 28. Bxd4 Bb4) 27. axb5 (27. d5 $1 $16 {[%cal Rd5e6]} Qd7 28. axb5) 27... a5 (27... exd4 $1 $11 28. bxa6+ Ka7 29. Bxd4 Ne5) 28. d5 $1 $16 {[%cal Rd5e6]} Qd7 29. c4 (29. Qc4 $14) 29... Bd6 $11 {Hoping for ...Nf4+!} 30. Reb1 $2 {[%mdl 8192] [#]} (30. Rh1 $11) 30... Nf4+ $1 $19 {[%mdl 512]} 31. gxf4 exf4 32. Bxf4 Bxf4 33. Rh1 {[#]} Rh3 $1 {[%mdl 512]} 34. c5 $2 {[#]} (34. Rxh3 gxh3+ 35. Kh1) 34... Qh7 $1 35. c6+ Kb8 {( -> ...Rh2+)} 36. Qd1 Rh2+ 37. Rxh2 Qxh2+ ({Not} 37... Bxh2 38. Qb3 $14) 38. Kf1 Qh1+ 39. Ke2 Qxe4+ 40. Ne3 g3 (40... Bxe3 $142 41. fxe3 Rh8) 41. Ra4 Qe5 {aiming for ...Bxe3.} 42. d6 Qb2+ 43. Qc2 Qxc2+ 44. Nxc2 g2 45. Ra1 Bxd6 {Precision: White = 43%, Black = 68%.} 0-1

[Event "EYCC 2017"]
[Site "Mamaia"]
[Date "2017.09.05"]
[Round "1"]
[White "Georgescu, Lena"]
[Black "Janiashvili, Mariami"]
[Result "1/2-1/2"]
[WhiteElo "2246"]
[BlackElo "1875"]
[Annotator "TA"]
[PlyCount "78"]
[EventDate "2017.??.??"]
[EventType "swiss"]
[EventCountry "ROU"]
[SourceTitle "playchess.com"]
[Source "ChessBase"]
[SourceQuality "1"]

{[%evp 15,78,62,77,38,63,5,21,-26,-5,-13,-11,-13,-19,-50,-37,-36,-45,-40,-40,-55,-56,-104,-97,-102,-105,-99,-78,-79,-85,-78,-43,-57,-53,-52,-39,-85,-77,-86,-89,-78,-71,-75,-28,-29,-29,-29,-30,-41,-35,-50,-50,-52,-52,-58,-28,-38,-31,-38,-37,-38,-25,-30,-12,-12,-12]} 1. e4 d5 2. exd5 Qxd5 3. Nf3 Nf6 4. d4 Bg4 5. Be2 e6 6. O-O Be7 7. c4 {B01: Scandinavian Defence} Qd6 8. Nc3 c6 {LiveBook: 6 Games} 9. g3 $146 {White is better.} ({Predecessor:} 9. Be3 O-O 10. Qd2 Bxf3 11. Bxf3 Rd8 12. Rfd1 Nbd7 13. Rac1 {1-0 (89) Grischuk,A (2733)-Feygin,M (2546) Ohrid 2009}) 9... Qc7 10. d5 (10. Bf4 $14 Qb6 11. c5) 10... O-O $11 11. Qb3 (11. Bf4 $5 {[%cal Rf4c7]} Bd6 12. Bxd6 Qxd6 13. dxc6 Qxd1 14. Raxd1 Nxc6 15. Rd6 $11) 11... exd5 12. cxd5 Nxd5 13. Nxd5 cxd5 14. Be3 Nc6 {[%cal Bb8c6,Bc6e5,Be5f3][%mdl 32]} 15. Qxd5 Bf6 $36 {[%mdl 2048] Black fights for an advantage.} 16. Qc4 Be6 17. Qc2 Rac8 18. Bd3 Ne5 19. Qxc7 Nxf3+ ({Reject} 19... Rxc7 $6 20. Nxe5 Bxe5 21. Rac1 $11) 20. Kg2 Nh4+ 21. gxh4 Rxc7 22. Bxa7 Bd5+ 23. f3 Bxb2 24. Rad1 Ra8 ({Wrong is} 24... Bxa2 $2 25. Rf2 $18) 25. Bb1 Bc4 26. Rfe1 g6 27. Bb6 Rc6 28. Bf2 Be6 29. Re2 Bf6 30. Be4 Rca6 ({Of course not} 30... Bxa2 $6 31. Bxc6 bxc6 32. Rd6 $16) 31. Bxb7 Rxa2 32. Rdd2 Rxd2 33. Rxd2 Rb8 34. Be4 h5 35. Bg3 Rb4 36. Bd6 Ra4 37. Kg3 Ra1 38. Bc5 Bc4 (38... Rc1 $5 {[%cal Rc1c5]} 39. Bd4 Be7 $15) 39. Bd4 Bxd4 {Precision: White = 57%, Black = 57%.} 1/2-1/2

[Event "EYCC 2017"]
[Site "Mamaia"]
[Date "2017.09.05"]
[Round "1"]
[White "Can, Isik"]
[Black "Djurovic, Peko"]
[Result "1-0"]
[WhiteElo "2239"]
[BlackElo "1765"]
[Annotator "TA"]
[PlyCount "73"]
[EventDate "2017.??.??"]
[EventType "swiss"]
[EventCountry "ROU"]
[SourceTitle "playchess.com"]
[Source "ChessBase"]
[SourceQuality "1"]

{[%evp 26,73,29,8,30,27,25,28,25,32,162,172,126,46,41,42,35,40,60,-17,-20,-39,-29,-76,-70,-75,-70,-65,0,6,28,-68,-59,-60,81,81,77,79,109,117,135,67,773,826,764,800,1224,1210,1165,1139]} 1. e4 c5 2. Nf3 Nc6 3. d4 cxd4 4. Nxd4 Nf6 5. Nc3 e5 6. Ndb5 d6 7. Bg5 a6 8. Na3 b5 9. Bxf6 gxf6 {[%cal Bg7f6,Bf6f5][%mdl 32]} 10. Nd5 Bg7 11. Bd3 Be6 12. O-O f5 13. Qh5 h6 {B33: Sicilian: Pelikan and Sveshnikov Variations} (13... f4 14. c4 bxc4 15. Bxc4 O-O 16. Rac1 Na5 17. Bd3 Nb7 18. Rfd1 Nc5 19. Bb1 a5 20. Nc4 Ra6 21. b3 h6 22. h3 Nd7 23. Qe2 Kh8 {1-0 (36) Hernandez Guerrero,G (2494)-Cori Tello,J (2645) Merida 2016}) 14. c4 {LiveBook: 5 Games} bxc4 15. Nxc4 O-O {Strongly threatening ...fxe4.White has an edge.} 16. Nce3 fxe4 $146 ({Predecessor:} 16... f4 17. Nf5 Bxf5 18. exf5 Qg5 19. Qxg5 hxg5 {1-0 (27) Foschini,A (1834)-Occhioni,E (1874) Rome 2009}) 17. Bxe4 Qg5 (17... Nd4 $14) 18. Qxg5 $18 hxg5 19. Nc7 (19. Rfc1 $1 $16 {[%cal Rc1c6]} Nd4 20. Ne7+ Kh8 21. Bxa8 Ne2+ 22. Kf1 Nxc1 23. Be4 (23. Rxc1 Rxa8 24. b3 e4 $11) 23... Nxa2 24. Bd5) 19... Rac8 $14 20. Nxa6 f5 {[%cal Bf7f5,Bf5f4][%mdl 32]} 21. Bd5 Kf7 22. Rfd1 (22. Nxf5 $1 $14 Bxd5 23. Nxd6+ Ke7 24. Nxc8+ Rxc8 25. Rac1) 22... Nd4 $1 $36 {[%mdl 2048] Black is more active.} 23. Nb4 Rc5 24. Rd2 f4 25. Bxe6+ Kxe6 26. Nec2 Nf5 (26... Nxc2 $15 27. Nxc2 Rfc8) 27. Rad1 Rfc8 28. f3 (28. g4 $11 fxg3 29. hxg3) 28... d5 $1 $15 {[%mdl 1024] Black has compensation.} 29. Re1 ({Don't blunder} 29. Rxd5 $2 Rxd5 30. Rxd5 Rxc2 $1 $19 {[%mdl 512]}) 29... Nd6 {[#]} (29... Bf8 $15 {keeps the upper hand.}) 30. Nd4+ $1 $16 Kf7 31. Nb3 Rb5 {...Nc4 is the strong threat.} 32. Nxd5 Nc4 33. Rc2 (33. Nc3 $16 Rxb3 34. Rd7+ Ke6 35. axb3 Kxd7 36. bxc4) 33... Ke6 $2 {[%mdl 8192]} (33... Rxd5 $14 34. Rec1 Ra8) 34. Nd4+ $18 {White is clearly winning.} Kxd5 35. Nxb5 Rb8 36. Rd1+ Ke6 37. Nc7+ {Precision: White = 42%, Black = 26%.} 1-0